000
00277 a2200109 4500
001
62893
082
_a
621.3192 HAY
100
_a
Hayt, William
245
_a
Engineering circuits analysis
_c
William Hayt
260
_a
NY
_b
McGraw Hill
_c
1962
500
_a
BE textbook Avionics
942
_a
NUST-CAE
_k
621.3192 HAY
999
_c
297966
_d
297966